| 000 | 01545cam a2200337 a 4500 | ||
|---|---|---|---|
| 999 |
_c27088 _d27088 |
||
| 001 | 13447448 | ||
| 003 | OSt | ||
| 005 | 20170207115318.0 | ||
| 008 | 031231s2003 fi a b 000 0 eng d | ||
| 010 | _a 2003509266 | ||
| 020 | _a9517465424 | ||
| 035 | _a(DLC)13447448 | ||
| 040 |
_aCU _cCU _dDLC |
||
| 042 | _alccopycat | ||
| 050 | 0 | 0 |
_aNA1455.F5 _bC44 2003 |
| 100 | 1 | _aČeferin, Petra. | |
| 245 | 1 | 0 |
_aConstructing a legend : _bthe international exhibitions of Finnish architecture, 1957-1967 / _cPetra Čeferin. |
| 260 |
_aHelsinki : _bSKS, _c2003. |
||
| 300 |
_a199 p. : _bill. ; _c23 cm. |
||
| 440 | 0 |
_aSuomalaisen Kirjallisuuden Seuran toimituksia, _x0355-1768 ; _v945 |
|
| 500 | _a"Result of five years of doctoral research work conducted, in part, at the Faculty of Architecture, Helsinki University of Technology, and at the Faculty of Architecture, University of Ljubljana"--P. 7. | ||
| 504 | _aIncludes bibliographical references (p. 181-192). | ||
| 610 | 2 | 0 | _aSuomen Rakennustaiteen Museo. |
| 650 | 0 |
_aArchitecture _zFinland _xHistory _y20th century. |
|
| 650 | 0 |
_aArchitecture _zFinland _xHistory _y20th century _vExhibitions. |
|
| 906 |
_a7 _bcbc _ccopycat _d3 _encip _f20 _gy-gencatlg |
||
| 942 |
_2lcc _cBOOKS _hNA 1455 .F5C44 2003 |
||